La reforma del procedimiento penal en Colombia (Registro nro. 299850)

Detalles MARC
000 -ENCABEZADO
Número de control [NR] 01199nam a22002417a 4500
005 - FECHA Y HORA DE LA ÚLTIMA TRANSACCIÓN
control field 20150602120603.0
008 - DE LONGITUD FIJA DE DATOS DE ELEMENTOS - INFORMACIÓN GENERAL
Elementos de longitud fija [NR] 150602s1928 ck ||||fr|||| 000 0 spa d
040 ## - FUENTE DE CATALOGACION [NR]
Quien Cataloga Sandra Yazo
Quien Clasifica Sandra Yazo
041 0# - CODIGO DE IDIOMA [R]
Código de idioma para texto/pista de sonido o título separado [R] Español
082 04 - NUMERO DE CLASIFICACION DECIMAL DEWEY [R]
Número de la edición [NR] 20
Número de clasificación [R] 345.05986
092 ## - SIGNATURA TOPOGRAFICA LOCAL
Número de clasificación local E35N044
110 1# - ASIENTO PRINCIPAL--NOMBRE CORPORATIVO [NR]
Nombre corporativo o de jurisdicción como elemento de entrada [NR] República de Colombia
Unidad subordinada [R] Ministerio de Gobierno
ID de autoridad 69335
245 13 - MENCION DE TITULO [NR]
Título [NR] La reforma del procedimiento penal en Colombia
Parte restante del título [NR] Tomo II. Actas de las sesiones de la Misión penal, referentes a los proyectos de código de procedimiento penal y de ley sobre juicios de responsabilidad disciplinaria administrativa
260 ## - PUBLICACION, DISTRIBUCION, ETC. (PIE DE IMPRENTA) [R]
Lugar de publicación, distribución, etc. [R] Bogtá (Colombia)
Nombre del editor, distribuidor, etc. [R] Imprenta Nacional
Fecha de publicación, distribución, etc. [R] 1928
300 ## - DESCRIPCION FISICA [R]
Extensión [R] 311 páginas
Dimensiones [R] 24 x 17 cm.
500 ## - NOTA GENERAL [R]
Nota general [NR] Detalles físicos: Encuadernación rígida en cartón forrado en papel. Lomo en cuero con repujados y adornos en dorado. Guardas. Portada impresa en una sola tinta, con rotura. Texto en una columna. Ejemplar en buen estado de conservación.
505 2# - NOTA DE CONTENIDO CON FORMATO PREESTABLECIDO [R]
Nota de contenido con formato preestablecido [NR] Acta número 1 a 8
506 ## - NOTA DE RESTRICCIONES DE ACCESO [R]
Condiciones de acceso [NR] Consulta en sala
650 #7 - ASIENTO SECUNDARIO DE MATERIA - TERMINO TEMATICO [R]
9 (RLIN) 31080
Término temático o nombre geográfico como elemento de entrada [NR] Derecho penal
Subdivisión geográfica [R] Colombia
650 #7 - ASIENTO SECUNDARIO DE MATERIA - TERMINO TEMATICO [R]
9 (RLIN) 30634
Término temático o nombre geográfico como elemento de entrada [NR] Derecho penal
Subdivisión general [R] Legislación
Subdivisión geográfica [R] Colombia
690 ## - ASUNTO AGREGADO LOCAL DE ENTRADA - TÉRMINO TEMÁTICO (OCLC, RLIN)
9 (RLIN) 42778
Acceso temático local Derecho penal
942 ## - ELEMENTOS DE ENTRADA AGREGADOS (KOHA)
Sistema de clasificación LOCAL
Tipo de ítem principal el descrito en 300a Libro
Edición 1
Clasificación E35N044
Existencias
Suprimido Perdido Sistema de clasificación Dañado No prestable Tipo de ítem específico Ubicación habitual Ubicación actual Localización Fecha de creación Forma de adquisición Costo Volúmen / Fascículo Total préstamos Signatura topográfica Código de barras Última vez visto Ejemplar Price effective from Tipo de ítem
    LOCAL     Libro archivo Archivo Histórico Archivo Histórico Archivo histórico 02/06/2015 Donación 0.00 V.2   E35N044 L004901 02/06/2015 Ej.1 02/06/2015 Libro